1834 1356 1193 1382 1407 1602 1589 1248 1132 1164 1051 1642 1940 1300 1979 1572 1599 1394 1996 1161 1327 1555 1104 1767 1298 1363 1466 1015 1343 1815 1476 1134 1314 1868 1306 1713 1792 1548 1071 1134 1246 1719 1502 1117 1049 1168 1319 1600 1832 1944 1496 1770 1925 1185 1633 1365 1817 1591 1817 1165 1640 1391 1636 1593 1458 1606 1193 1243 1694 1114 1748 1206 1562 1885 1505 1244 1383 1103 1626 1487 1232 1038 1468 1544 1710 1489 1137 1022 1493 1078 1958 1141 1958 1359 1941 1668 1940 1598 1988 BCNSPRNW ULIB Ver.6.0+V

เปลี่ยนเป็นภาษาไทย

Change to English
 แสดงรายละเอียดบรรณานุกรม
  กลับหน้าหลัก

Brief Record : Get Marc (ISO 2709) : E-mail record : QR code < ปิดหน้าต่าง
LEADER : 00000nam 2200000uu 4500
001    13399125556
003     ULIB
008    170627s2558||||th 000 0 tha d
020    ^a9786164063518
060 04 ^aW32.JT3^bว712ว
100 0  ^aวิโรจน์ ไววานิชกิจ
245 10 ^aเวชจริยศาสตร์การแพทย์และสาธารณสุขและกรณีศึกษาสำหรับแพทย์พยาบาลและบุคลากรทางการแพทย์ /^cโดย วิโรจน์ ไววานิชกิจ
250    ^aพิมพ์ครั้งที่ 1
260    ^aกรุงเทพฯ :^bโรงพิมพ์แห่งจุฬาลงกรณ์มหาวิทยาลัย,^c2558
300    ^a105 หน้า ;^c21 ซม.
650  4 ^aจรรยาบรรณแพทย์
650  4 ^aจรรยาบรรณพยาบาล
650  4 ^aบุคลากรทางการแพทย์
945    ^p0^l0^i002449
945    ^p0^l0^i002450
945    ^p0^l0^i002451
945    ^p0^l0^i002452
945    ^p0^l0^i002453
999    ^aวรรณษา ชูชัยมงคล
รายการนี้ยังไม่มีแท็ก
คุณยังไม่ได้ล็อกอิน คุณสามารถมีกิจกรรมร่วมกับเว็บไซต์ได้ แต่ต้องล็อกอินก่อน ::
  ล็อกอิน

รายการสื่อสารสนเทศ

ลำดับที่ ประเภท เลขเรียก/บาร์โค้ด สถานที่ สถานะ
1. วิทยาศาสตร์การแพทย์ และสุขภาพ
วิทยาศาสตร์การแพทย์ และสุขภาพ
สถานะ=หนังสือเก่า
W32.JT3 ว712ว ฉ.1 
  Barcode: 002449
ห้องสมุดวิทยาเขตสวรรค์ประชารักษ์
►ส่วนจัดเก็บหนังสือเก่า สปร
บนชั้น
  ขอยืม
2. วิทยาศาสตร์การแพทย์ และสุขภาพ
วิทยาศาสตร์การแพทย์ และสุขภาพ
สถานะ=หนังสือเก่า
W32.JT3 ว712ว ฉ.2 
  Barcode: 002450
ห้องสมุดวิทยาเขตสวรรค์ประชารักษ์
►ส่วนจัดเก็บหนังสือเก่า สปร
บนชั้น
  ขอยืม
3. วิทยาศาสตร์การแพทย์ และสุขภาพ
วิทยาศาสตร์การแพทย์ และสุขภาพ
สถานะ=หนังสือเก่า
W32.JT3 ว712ว ฉ.3 
  Barcode: 002451
ห้องสมุดวิทยาเขตสวรรค์ประชารักษ์
►ส่วนจัดเก็บหนังสือเก่า สปร
บนชั้น
  ขอยืม
4. วิทยาศาสตร์การแพทย์ และสุขภาพ
วิทยาศาสตร์การแพทย์ และสุขภาพ
สถานะ=หนังสือเก่า
W32.JT3 ว712ว ฉ.4 
  Barcode: 002452
ห้องสมุดวิทยาเขตสวรรค์ประชารักษ์
►ส่วนจัดเก็บหนังสือเก่า สปร
บนชั้น
  ขอยืม
5. วิทยาศาสตร์การแพทย์ และสุขภาพ
วิทยาศาสตร์การแพทย์ และสุขภาพ
สถานะ=หนังสือเก่า
W32.JT3 ว712ว ฉ.5 
  Barcode: 002453
ห้องสมุดวิทยาเขตสวรรค์ประชารักษ์
►ส่วนจัดเก็บหนังสือเก่า สปร
บนชั้น
  ขอยืม

รายการใกล้เคียง
    ผู้แต่ง [วิโรจน์ ไววานิชกิจ]

    หัวเรื่อง [จรรยาบรรณแพทย์]
    หัวเรื่อง [จรรยาบรรณพยาบาล]
    หัวเรื่อง [บุคลากรทางการแพทย์]

BibComment


ยังไม่เคยถูกคอมเมนท์

คอมเมนท์ทรัพยากรรายการนี้
  คอมเมนท์: เวชจริยศาสตร์การ..


 Copyright 2026. Bcnsprnw @Library